An Alternative pattern of basic education: Radio Santa Maria/ Robert White. -- (Record no. 134681)

MARC details
000 -CABECERA
campo de control de longitud fija 00730nam a2200205 a 4500
005 - FECHA Y HORA DE LA ÚLTIMA TRANSACCIÓN
campo de control 20210219160306.0
008 - ELEMENTOS DE LONGITUD FIJA--INFORMACIÓN GENERAL
campo de control de longitud fija 081007s2000 mx r 000 0 spa d
020 ## - NÚMERO INTERNACIONAL NORMALIZADO PARA LIBROS
Número Internacional Estándar del Libro 9231014331
035 ## - NÚMERO DE CONTROL DEL SISTEMA
Número de control de sistema UPN01000162568
049 ## - COLECCIÓN
Colección UNE
080 ## - NÚMERO DE CLASIFICACIÓN DECIMAL UNIVERSAL
Número de la Clasificación Decimal Universal 37.018.8 :371.684 (729.3) =20WHI No.30.
100 1# - ASIENTO PRINCIPAL--NOMBRE PERSONAL
Nombre de persona White, Robert.
245 13 - MENCIÓN DE TÍTULO
Título An Alternative pattern of basic education: Radio Santa Maria/ Robert White. --
260 ## - PUBLICACIÓN, DISTRIBUCIÓN, ETC.
Lugar de publicación, distribución, etc. Paris : UNESCO; Ginebra : OIE, 1976.
300 ## - DESCRIPCIÓN FÍSICA
Extensión 122 p.; 21 cm. map., fot. --
440 #0 - MENCIÓN DE SERIE/ASIENTO SECUNDARIO--TÍTULO
Título (Experiments and innovations in education; 30)
690 ## - PUNTO DE ACCESO ADICIONAL DE MATERIA LOCAL--TÉRMINO DE MATERIA (OCLC, RLIN)
Término de materia o nombre geográfico como elemento inicial Programas radiofonicos- Educacion- Republica Dominicana
690 ## - PUNTO DE ACCESO ADICIONAL DE MATERIA LOCAL--TÉRMINO DE MATERIA (OCLC, RLIN)
Término de materia o nombre geográfico como elemento inicial Radiodifusion- Metodos de enseñanza- Republica Dominicana
905 ## - TIPO DE MATERIAL
Tipo de material UNESCO
Holdings
Estado de retiro Estado de pérdida Fuente del sistema de clasificación o colocación Estado dañado No para préstamo Código de colección Localización permanente Ubicación/localización actual Ubicación en estantería Fecha de adquisición Código de barras Fecha visto por última vez Número de copia Tipo de ítem Koha
    Library of Congress Classification   Disponible (Préstamo en sala) UNESCO Bib. Gregorio Torres Quintero Bib. Gregorio Torres Quintero Colecciones especiales Planta alta 03/02/2023 U5972 31/12/2020 1 Libro